| 000 | 00752nam a2200217Ia 4500 | ||
|---|---|---|---|
| 003 | 0 | ||
| 005 | 20250125084454.0 | ||
| 008 | 150126s9999 xx 000 0 und d | ||
| 050 |
_aPGS HQ 777.5 _b.Y94 2014 |
||
| 100 | _aYu, Jina. | ||
| 245 |
_aMaternal employment and self discipline of their children / _cJina Yu. |
||
| 260 |
_aLas PiƱas City, Philippines : _bSouthville International School and Colleges, _c2014. |
||
| 300 |
_a22 p. : _bill. ; _c28 cm. |
||
| 504 | _aIncludes bibliographical references. | ||
| 650 |
_aWorking mothers _vEffect on children. |
||
| 650 | _aSelf-control in children. | ||
| 650 |
_aChild development _vPsychological aspects. |
||
| 650 | _aParent and child. | ||
| 650 | _aGrade 6 (Education). | ||
| 942 |
_2lcc _cPASS |
||
| 999 |
_c278641 _d278641 |
||